Vplyv zahraničných investícií v Írsku na zamestnanosť, produktivitu a celkový ekonomický rozvoj

Stručná historicko-hospodárska charakteristika Írska. Vývoj nástrojov podpory priamych zahraničných investícií. Vývoj a efekty zahraničných investícií v podmienkach otvorenej írskej ekonomiky. Zamestnanosť v domácich a zahraničných firmách. Význam zahraničných firiem pre írsku ekonomiku. Faktory a n...

Descripción completa

Guardado en:
Detalles Bibliográficos
Autor principal: Košta, Ján
Formato: Capítulo de libro
Lenguaje:eslovaco
Materias:
Etiquetas: Agregar Etiqueta
Sin Etiquetas, Sea el primero en etiquetar este registro!

MARC

LEADER 00000naa a2200000 4500
001 r034664
005 20230807090808.3
041 0 |a slo 
044 |a SK 
245 1 0 |a Vplyv zahraničných investícií v Írsku na zamestnanosť, produktivitu a celkový ekonomický rozvoj  |c Ján Košta 
520 |a Stručná historicko-hospodárska charakteristika Írska. Vývoj nástrojov podpory priamych zahraničných investícií. Vývoj a efekty zahraničných investícií v podmienkach otvorenej írskej ekonomiky. Zamestnanosť v domácich a zahraničných firmách. Význam zahraničných firiem pre írsku ekonomiku. Faktory a nástroje podporujúce priame zahraničné investície v Írsku. Námety na zmeny v politike Slovenskej republiky smerom k priamym zahraničným investíciám. 
610 2 0 |a investície priame zahraničné 
610 2 0 |a Írsko 
610 2 0 |a trh vnútorný 
610 2 0 |a história 
610 2 0 |a vývoj hospodársky 
610 2 0 |a zamestnanosť 
610 2 0 |a firmy 
610 2 0 |a úroveň životná 
610 2 0 |a kvalifikácia 
610 2 0 |a sily pracovné 
610 2 0 |a Slovensko 
100 1 |a Košta, Ján